000
00317nam a2200133Ia 4500
005
20251222143137.0
008
251222s9999||||xx |||||||||||||| ||spa||
020
_a
84-205-3780-2
082
_a
519.5/P45P
100
_a
Pérez López, César
245
0
_a
Estadística:
264
_b
Pearson Educación
942
_c
LIB
999
_c
12160
_d
12160